000 00423nab a2200145Ia 4500
003 ES-SlBCS
005 20210601131736.0
008 140529s1956 xxu||||| |||| 00| 0 fre d
041 _afre
100 1 _aSellier, François
_937782
245 0 0 _aLe syndicalisme sur la défensive
_c François Sellier
650 0 4 _aSindicalismo
_9104617
773 0 _tVie Intelectuelle (La)
_gnº. 6, 1956, págs. 96-99
_wRev907
942 _cAR
999 _c568005
_d568005